000 03407cas a2200409 4500
001 11203985
005 20250915102313.0
008 770124c19769999deutr p wgv 0 a0eng
010 _a 76648400
022 _a0364-9490
_l0364-9490
_21
035 _a11203985
035 _a(OCoLC)2696675
037 _bWidener University School of Law, 4601 Concord Pike, Post Office Box 7474, Wilmington, DE 19803
040 _aDLC
_beng
_cDLC
_dOCL
_dNST
_dAIP
_dDLC
_dNSD
_dAIP
_dNST
_dOCL
_dNYG
_dEBZ
_dSYS
_dOCLCQ
_dZCU
_dDLC
_dNLA
_dOCLCQ
_dOCLCO
_dOCLCF
_dYLS
_dOCLCO
_dFJM
_dOCLCA
_dOCL
_dOCLCO
_dOCLCA
_dIL4J6
_dOCLCO
_dOCLCQ
_dOCLCL
042 _apcc
_ansdp
043 _an-us-de
050 0 0 _aK4
_b.E38
050 0 4 _aKF1397
_b.D44
210 0 _aDel. j. corp. law
222 4 _aThe Delaware journal of corporate law
245 0 4 _aThe Delaware journal of corporate law.
260 _31976-<1978>:
_a[Wilmington,
_bDelaware Law School of Widener College]
_c1976-
264 2 1 _3<1979->:
_aWilmington :
_bDelaware Law School, Widener University
264 3 1 _3<1992->:
_aWilmington :
_bWidener University School of Law
300 _av.
_c25 cm.
310 _aThree nos. a year,
_b<1977>-
321 _aSemiannual
520 _aThe Delaware Journal of Corporate Law is a student-edited publication that was established in 1975 at Widener University Delaware Law School as a medium for business-law practitioners to stay abreast of critical issues and changes within their areas of expertise. It is Widener University Delaware Law School’s original, and most established, law review publication. For the past fifty years, the Journal has provided the nation’s business law community with a reference source of well-researched and analytical discussion on issues of timely importance. Today, the Journal is one of the nation’s most prestigious legal specialty journals and continuously receives national recognition for its thought-provoking articles on corporate law. Our focus is most appropriate for scholarly publication in Delaware—the cradle of American corporate activity. Delaware boasts incorporation by the majority of Fortune 500 companies and has consistently maintained its pre-eminence on cutting-edge corporate law and governance issues. Members of the bench and corporate bar read the Journal for insightful commentary on complex corporate matters and recent decisions. Even though the Journal maintains a focus on corporate law and governance, the scope of our articles is extremely broad. We publish articles on subjects that are that fall within the scope of the American Bar Association’s Business Law Section, which includes topics such as intellectual property, international business law, and environmental, energy, and natural resources law. The Journal Blog is focused on publishing short, yet concise, articles in a timely manner on the trending topics and recent developments in all things corporate and business law.
650 0 _aCorporation law
_zDelaware
_vPeriodicals.
655 0 _aPeriodicals
_923543
655 0 _aLaw reviews.
_925870
710 _aWidener College.
_bDelaware Law School,
_eissuing body.
710 2 _aWidener University.
_bDelaware Law School,
_eissuing body.
710 2 _aWidener University.
_bSchool of Law,
_eissuing body.
856 _uhttps://bibliotheque.tbs-education.fr/Default/doc/PUBFINDER/edp22740/delaware-journal-of-corporate-law
942 _2lcc
999 _c4939
_d4939